| 000 | 00616nam a22002177a 4500 | ||
|---|---|---|---|
| 005 | 20250728140503.0 | ||
| 008 | 211201b ||||| |||| 00| 0 eng d | ||
| 040 | _cAL | ||
| 041 | _aeng | ||
| 082 |
_223 _a657.48 _bMARF |
||
| 100 |
_aMariyappa B _9220490 |
||
| 245 | _aFinancial Accounting | ||
| 260 |
_aMumbai _bHimalaya Publishing House _c2021 |
||
| 300 |
_a237p _bPB _c24x16cm |
||
| 365 |
_a3764 _b₹172.00 _c₹ _d₹215.00 _e20% _f27-11-2021 |
||
| 650 |
_aNEP I SEM BCOM _911098 |
||
| 700 |
_aMARIYAPPA (B) _911099 |
||
| 700 |
_aKumar, Rajesh V _911100 |
||
| 700 |
_aKumar, Anil S _911101 |
||
| 942 |
_2ddc _cREF |
||
| 999 |
_c220853 _d220853 |
||